00644nam a2200181Ia 4500003000900000008004100009020001600050040001600066080002100082100001900103245011900122260003300241300001600274500010300290650002700393650001900420700002300439IN-BaIIA211028s9999 xx 000 0 eng d a12-303601-1 cIIA Library a621.3.029.6bGRI aGrivet, Pierre 4aThe physics of transmission lines at high and very high frequenciesbvol. 1cP. Grivet; translated by P. W. Hawkes aLondonbAcademic Pressc1970 axiii, 453p. aTranslation of 'Physique des lignes de haute fréquence et d'ultra-haute fréquence' from French aElectrical engineering aNASA thesaurus aHawkes, P. W., tr.